Countries With Only Two I's - Statistics

General Stats
  • This quiz has been taken 68 times
  • The average score is 17 of 31
Answer Stats
Countries % Correct
United Kingdom
83%
Indonesia
81%
India
77%
United Arab Emirates
70%
Saudi Arabia
68%
Ethiopia
66%
Fiji
66%
Dominica
64%
Guinea-Bissau
62%
Lithuania
62%
Haiti
60%
Bolivia
58%
Namibia
58%
Djibouti
57%
Liechtenstein
57%
Vatican City
57%
Bosnia and Herzegovina
55%
Mauritius
53%
Saint Lucia
53%
Equatorial Guinea
51%
Democratic Republic of the Congo
49%
Trinidad and Tobago
49%
Mauritania
47%
Tajikistan
47%
Central African Republic
43%
Liberia
43%
Micronesia
42%
Nigeria
40%
Tunisia
40%
Eswatini
34%
Sao Tome and Principe
34%
No matching quizzes found
Score Distribution
Percent of People with Each Score
Percentile by Number Answered
Your Score History
You have not taken this quiz